000 00310nam a2200133Ia 4500
005 20251222155212.0
008 251222s9999||||xx |||||||||||||| ||spa||
082 _aING. 07
100 _aMELLGREN Lars.
245 0 _aYoung English Series Yes
250 _a1ra. ed.
264 _bAddison Wesley
942 _cLIB
999 _c40322
_d40322